|
|
|
|
| LEADER |
01331nam a22003254a 4500 |
| 001 |
35259 |
| 003 |
BD-DhAAL |
| 005 |
20211129144858.0 |
| 008 |
190905t2004 enka b 001 0 eng d |
| 999 |
|
|
|c 41139
|d 41139
|
| 010 |
|
|
|a 2001003639
|
| 020 |
|
|
|a 0631217525 (alk. paper)
|
| 040 |
|
|
|a DLC
|c DLC
|d DLC
|d BD-DhAAL
|
| 042 |
|
|
|a pcc
|
| 050 |
0 |
0 |
|a BF713
|b .B565 2002
|
| 082 |
0 |
0 |
|a 305.231
|2 21
|
| 245 |
0 |
0 |
|a Blackwell handbook of childhood social development /
|c edited by Peter K. Smith and Craig H. Hart.
|
| 260 |
|
|
|a Oxford, UK ;
|a Malden, MA :
|b Blackwell Publishers,
|c c2004
|
| 300 |
|
|
|a xv, 665 pages :
|b illustrations ;
|c 26 cm.
|
| 440 |
|
0 |
|a Blackwell handbooks of developmental psychology
|9 34128
|
| 504 |
|
|
|a Includes bibliographical references and indexes.
|
| 526 |
|
|
|a BIED
|
| 541 |
|
|
|a Complimentary copy from BIED
|e 35259
|
| 650 |
|
0 |
|a Developmental psychology
|x Social aspects.
|9 34129
|
| 650 |
|
0 |
|a Child psychology
|x Social aspects.
|9 34130
|
| 700 |
1 |
|
|a Smith, Peter K.
|9 34131
|
| 700 |
1 |
|
|a Hart, Craig H.,
|d 1957-
|9 34132
|
| 852 |
|
|
|a Ayesha Abed Library
|c BIED Collection
|
| 942 |
|
|
|2 ddc
|c BK
|
| 952 |
|
|
|0 0
|1 0
|2 ddc
|4 0
|6 305_231000000000000_BLA
|7 0
|9 66165
|a BRACUL
|b BRACUL
|c GEN
|d 2019-09-05
|e Complimentary copy from BIED
|l 0
|o 305.231 BLA
|p 3010035259
|r 2019-09-05
|t 1
|w 2019-09-05
|y BK
|x Transferred from BIED to General Stacks
|